Arquitectura y pintura en Teotihuacán /

Spremljeno u:
Bibliografski detalji
Glavni autor: Séjourné, Laurette (autor)
Daljnji autori: Romero, Manuel (dibujante) (dibujante)
Format: Knjiga
Jezik:španjolski
Izdano: México : Siglo XXI, 1966, c1966
Oznake: Dodaj oznaku
Bez oznaka, Budi prvi tko označuje ovaj zapis!

MARC

LEADER 00000nam^a2200000^a^4500
001 000454371
005 20250526000000.0
009 20260310123927.488
037 |a Acervo ITESO - Biblioteca 
041 |a ESP 
091 |a FHA. 00134 
100 |a Séjourné, Laurette  |e (autor) 
245 1 0 |a Arquitectura y pintura en Teotihuacán / 
264 4 |a México :  |b Siglo XXI,  |c 1966, c1966 
300 |a 334 p. ;  |c 28.0 cm. 
336 |a texto  |b txt  |2 rdacontenido 
337 |a sin mediación  |b n  |2 rdamedio 
338 |a volumen  |b nc  |2 rdasoporte 
515 |a Inventario familia Hartung: 251 
649 |a XX 
700 |a Romero, Manuel  |e (dibujante) 
910 |a Fondo Horst Hartung Franz 
920 |a Impresos - Libros 
930 |a Libros Antiguos y Raros 
905 |a 135 
901 |a 0500332039  |b IT2  |c LRA  |i D  |u 20250526 
902 |a https://opac.biblio.iteso.mx/vufind/Record/000454371